000 00559nam a2200181Ia 4500
001 17277
005 20260306170413.0
008 260306t2016||||xx |||||||||||||| ||und||
041 _aESP
082 _a657.61
_bI59
100 _aInstituto Mexicano de Contadores Públicos
_eAUT
245 0 _aNormas de información financiera (NIF) 2016:
_bIncluye boletines y circulares de la Comisión de Principios de Contabilidad del IMCP
260 _c2016
300 _axvi, 1713 páginas :
_c17 cm.
650 _aGEN
654 _aCCO
942 _cLIB
_dJUS
_fJUS
_2ddc
_n
999 _c17277
_d17277